| Tag |
First Indicator |
Second Indicator |
Subfields |
| LEADER |
00000cam a2200000Ii 4500 |
| 001 |
in00004078613 |
| 006 |
m o d |
| 007 |
cr cnu|||unuuu |
| 008 |
190215s2019 enk ob 000 0 eng d |
| 005 |
20260612162144.9 |
| 020 |
|
|
|a 9780128032725
|q (electronic bk.)
|
| 020 |
|
|
|a 0128032723
|q (electronic bk.)
|
| 020 |
|
|
|z 9780128032718
|
| 020 |
|
|
|z 0128032715
|
| 024 |
8 |
|
|a 99980692813
|
| 035 |
|
|
|a (NhCcYBP)ybp16051676
|
| 040 |
|
|
|a NhCcYBP
|c NhCcYBP
|d UtOrBLW
|
| 050 |
|
4 |
|a JZ5675
|b .N83 2019
|
| 072 |
|
7 |
|a POL
|x 040020
|2 bisacsh
|
| 072 |
|
7 |
|a POL
|x 011000
|2 bisacsh
|
| 082 |
0 |
4 |
|a 327.1747
|2 23
|
| 245 |
0 |
0 |
|a Nuclear safeguards, security and nonproliferation :
|b achieving security with technology and policy /
|c editor James E. Doyle.
|
| 250 |
|
|
|a Second edition.
|
| 264 |
|
1 |
|a Oxford, United Kingdom :
|b Butterworth-Heinemann, an imprint of Elsevier,
|c [2019]
|
| 300 |
|
|
|a 1 online resource.
|
| 336 |
|
|
|a text
|b txt
|2 rdacontent
|
| 337 |
|
|
|a computer
|b c
|2 rdamedia
|
| 338 |
|
|
|a online resource
|b cr
|2 rdacarrier
|
| 504 |
|
|
|a Includes bibliographical references and index.
|
| 588 |
0 |
|
|a Online resource; title from PDF title page (EBSCO, Febrary 20, 2019).
|
| 500 |
|
|
|a Electronic resource.
|
| 650 |
|
0 |
|a Nuclear facilities
|x Security measures.
|
| 650 |
|
0 |
|a Nuclear facilities
|x Security measures
|v Case studies.
|
| 650 |
|
0 |
|a Nuclear nonproliferation.
|0 http://id.loc.gov/authorities/subjects/sh85093020
|
| 650 |
|
0 |
|a Nuclear nonproliferation
|v Case studies.
|
| 650 |
|
0 |
|a Nuclear weapons
|x Materials management.
|
| 650 |
|
0 |
|a Nuclear weapons
|x Materials management
|v Case studies.
|
| 650 |
|
0 |
|a Nuclear industry
|x Materials management.
|
| 650 |
|
0 |
|a Nuclear industry
|x Materials management
|v Case studies.
|
| 650 |
|
0 |
|a Nuclear terrorism
|x Prevention.
|
| 650 |
|
0 |
|a Nuclear terrorism
|x Prevention
|v Case studies.
|
| 655 |
|
7 |
|a Electronic books.
|2 local
|
| 700 |
1 |
|
|a Doyle, James E.
|q (James Edward),
|d 1959-
|e editor.
|0 http://id.loc.gov/authorities/names/no2008154294
|
| 710 |
2 |
|
|a EBSCOhost.
|
| 776 |
1 |
8 |
|c Original
|z 0128032715
|z 9780128032718
|
| 856 |
4 |
0 |
|u http://proxy.library.tamu.edu/login?url=https://search.ebscohost.com/login.aspx?direct=true&scope=site&db=nlebk&db=nlabk&AN=1169298
|z Connect to the full text of this electronic book
|t 0
|
| 955 |
|
|
|a YBP purchased EBSCO DDA e-records
|
| 999 |
f |
f |
|s f4ea7ad0-b131-384a-a6bc-1c6833258878
|i c9fdb5d7-5dfc-319b-aaf7-5d7c99b8d550
|t 0
|
| 952 |
f |
f |
|a Texas A&M University
|b College Station
|c Electronic Resources
|s www_evans
|d Available Online
|t 0
|e JZ5675 .N83 2019
|h Library of Congress classification
|
| 998 |
f |
f |
|a JZ5675 .N83 2019
|t 0
|l Available Online
|